| 000 | 00981nam a22002537a 4500 | ||
|---|---|---|---|
| 999 |
_c20728 _d20728 |
||
| 003 | AR-CdUCM | ||
| 008 | 190304b ||||| |||| 00| 0 spa d | ||
| 020 | _a84-206-2994-4 | ||
| 020 | _a84-206-2077-7 | ||
| 040 |
_aMUNICIPALIDAD PROVINCIAL DEL CUSCO _cBIBLIOTECA MUNICIPAL DEL CUSCO |
||
| 082 |
_a509.4 / _bC91 |
||
| 100 |
_aCrombie, A.C. _97908 |
||
| 245 |
_aHistoria de la Ciencia: De San Agustín a Galileo : _bLa ciencia en la edad media siglos V al XIII / |
||
| 260 |
_aGranada : _bAlianza, _c1980. |
||
| 300 |
_a224 paginas ; _bIlustraciones, _c22 cm. |
||
| 505 | _aContenido -- La ciencia en el mundo cristiano occidental hasta el renacimiento del siglo XII -- La recepción de la ciencia Greco-Árabe en el mundo cristiano occidental... | ||
| 650 |
_aCiencia moderna _91777 |
||
| 650 |
_aCiencia medieval _97909 |
||
| 650 |
_aEdad moderna _97910 |
||
| 700 |
_aBernia, Jose _943291 |
||
| 700 |
_aGarcia Ballester, Luis _943292 |
||
| 942 |
_2ddc _cLIBROS |
||
| 945 | _arcc | ||